El jaguar en el siglo XXI : la perspectiva continental /
Guardat en:
| Altres autors: | |
|---|---|
| Format: | Electrònic eBook |
| Idioma: | espanyol |
| Publicat: |
Ciudad de México :
Fondo de Cultura Económica : Universidad Nacional Autónoma de México,
2016.
|
| Edició: | Primera edición electrónica. |
| Col·lecció: | Ediciones científicas universitarias. Serie Serie Horizontes y paradigmas en ciencia y tecnología.
|
| Matèries: | |
| Accés en línia: | Digitalia Hispánica |
| Etiquetes: |
Afegir etiqueta
Sense etiquetes, Sigues el primer a etiquetar aquest registre!
|
MARC
| LEADER | 00000nam a2200000 i 4500 | ||
|---|---|---|---|
| 001 | DIGFCE1511 | ||
| 003 | NyNyDIG | ||
| 006 | m o d | ||
| 007 | cr ||||||||||| | ||
| 008 | 220720s2016 mx ab ob 000 0 spa d | ||
| 035 | |a (OCoLC)1350507039 | ||
| 040 | |a DGITA |b eng |e rda |e pn |c DGITA | ||
| 020 | |a 9786071642547 |q eBook |q ePub | ||
| 020 | |z 9786071635358 | ||
| 041 | 0 | |a spa |b eng | |
| 050 | 1 | 4 | |a QL737.C23 ebook |
| 082 | 0 | 4 | |a 599.755 |
| 245 | 0 | 3 | |a El jaguar en el siglo XXI : |b la perspectiva continental / |c Rodrigo A. Medellín [and 4 others] (coordinadores). |
| 250 | |a Primera edición electrónica. | ||
| 264 | 1 | |a Ciudad de México : |b Fondo de Cultura Económica : |b Universidad Nacional Autónoma de México, |c 2016. | |
| 300 | |a 1 online resource : |b illustrations, maps. | ||
| 336 | |a text |b txt |2 rdacontent | ||
| 337 | |a computer file |b c |2 rdamedia | ||
| 338 | |a online resource |b cr |2 rdacarrier | ||
| 347 | |a text file |2 rdaft | ||
| 347 | |b EPUB | ||
| 490 | 1 | |a Ediciones científicas universitarias. Horizontes y paradigmas en ciencia y tecnología | |
| 500 | |a Instituto de Ecología, Universidad Nacional Autónoma de México. | ||
| 504 | |a Includes bibliographical references and index. | ||
| 546 | |a Spanish with abstracts in English. | ||
| 588 | 0 | |a Online resource; title from ePub title page (Digitalia, viewed July 27, 2022) | |
| 650 | 0 | |a Jaguar |x Conservation. | |
| 655 | 0 | |a Electronic books. | |
| 700 | 1 | |a Medellín, Rodrigo A., |d 1957- |e editor. | |
| 776 | 0 | 8 | |i Print version: |t Jaguar en el siglo XXI. |b Primera edición. |d Ciudad de México : Fondo de Cultura Económica : Universidad Nacional Autónoma de México, 2016 |z 9786071635358 |
| 791 | 2 | |a Digitalia (Firm), |e distributor. | |
| 793 | 0 | |g Digitalia eBook Collection: |a Fondo de Cultura Económica | |
| 830 | 0 | |a Ediciones científicas universitarias. |p Serie Serie Horizontes y paradigmas en ciencia y tecnología. | |
| 856 | 4 | 0 | |3 Digitalia Hispánica |u https://digitalia.unach.elogim.com/a/64328/ |
| 910 | |a Premium collection: 2022 | ||